| 000 -LEADER |
| fixed length control field |
01946nam a2200385 a 4500 |
| 001 - CONTROL NUMBER |
| control field |
ASIN1741798051 |
| 005 - DATE AND TIME OF LATEST TRANSACTION |
| control field |
20170105102926.0 |
| 008 - FIXED-LENGTH DATA ELEMENTS--GENERAL INFORMATION |
| fixed length control field |
131212s2011 xxu eng d |
| 020 ## - INTERNATIONAL STANDARD BOOK NUMBER |
| International Standard Book Number |
1741798051 (paperback) |
| Terms of availability |
$28.99 |
| 020 ## - INTERNATIONAL STANDARD BOOK NUMBER |
| International Standard Book Number |
9781741798050 (paperback) |
| 040 ## - CATALOGING SOURCE |
| Original cataloging agency |
0 |
| 050 04 - LIBRARY OF CONGRESS CALL NUMBER |
| Classification number |
DS805.2 |
| 082 04 - DEWEY DECIMAL CLASSIFICATION NUMBER |
| Classification number |
915.2045 |
| Author Mark |
JAP 2011 |
| 100 1# - MAIN ENTRY--PERSONAL NAME |
| Personal name |
Rowthorn, Chris. |
| 245 00 - TITLE STATEMENT |
| Title |
Lonely planet japan / |
| Statement of responsibility, etc. |
Chris Rowthorn, Timothy Hornyak, Laura Crawford, Rebecca Milner, Tom Spurling, Andrew Bender, Brandon Presser, Matthew D. Firestone. |
| 250 ## - EDITION STATEMENT |
| Edition statement |
12th ed. |
| 260 ## - PUBLICATION, DISTRIBUTION, ETC. |
| Place of publication, distribution, etc. |
[S.l.] : |
| Name of publisher, distributor, etc. |
Lonely Planet, |
| Date of publication, distribution, etc. |
2011. |
| 300 ## - PHYSICAL DESCRIPTION |
| Extent |
832 p. ; |
| Dimensions |
20 cm. |
| 490 1# - SERIES STATEMENT |
| Series statement |
Lonely planet travel guide. |
| 520 ## - SUMMARY, ETC. |
| Summary, etc. |
“Japan is a world apart – a cultural Galapagos where a unique civilization blossomed, and thrives today in delicious contrast of traditional and modern. The Japanese spirit is strong, warm and incredibly welcoming.” – Chris Rowthorn, Lonely Planet Writer Our Promise You can trust our travel information because Lonely Planet authors visit the places we write about, each and every edition. We never accept freebies for positive coverage, and you can rely on us to tell it like we see it. Inside This Book… 8 expert authors 167 temples & shrines 357 Japanese restaurants Over 100 onsen (hot springs) Inspirational photos Comprehensive planning tools Pull-out city map Easy-to-read layout In-depth background Skiing in Japan feature. |
| 650 #0 - SUBJECT ADDED ENTRY--TOPICAL TERM |
| Topical term or geographic name entry element |
Cooking, Japanese |
| 650 #0 - SUBJECT ADDED ENTRY--TOPICAL TERM |
| Topical term or geographic name entry element |
Food habits |
| 650 #0 - SUBJECT ADDED ENTRY--TOPICAL TERM |
| Topical term or geographic name entry element |
Japan |
| 650 #0 - SUBJECT ADDED ENTRY--TOPICAL TERM |
| Topical term or geographic name entry element |
Travel |
| 700 1# - ADDED ENTRY--PERSONAL NAME |
| Personal name |
Bender, Andrew. |
| 700 1# - ADDED ENTRY--PERSONAL NAME |
| Personal name |
Crawford, Laura. |
| 700 1# - ADDED ENTRY--PERSONAL NAME |
| Personal name |
Firestone, Matthew D. |
| 700 1# - ADDED ENTRY--PERSONAL NAME |
| Personal name |
Hornyak, Timothy. |
| 700 1# - ADDED ENTRY--PERSONAL NAME |
| Personal name |
Milner, Rebecca. |
| 700 1# - ADDED ENTRY--PERSONAL NAME |
| Personal name |
Presser, Brandon. |
| 700 1# - ADDED ENTRY--PERSONAL NAME |
| Personal name |
Spurling, Tom. |
| 830 #0 - SERIES ADDED ENTRY--UNIFORM TITLE |
| Uniform title |
Lonely planet travel guide. |
| 856 40 - ELECTRONIC LOCATION AND ACCESS |
| Materials specified |
Amazon.com |
| Uniform Resource Identifier |
<a href="http://www.amazon.com/exec/obidos/ASIN/1741798051/chopaconline-20">http://www.amazon.com/exec/obidos/ASIN/1741798051/chopaconline-20</a> |
| 942 ## - ADDED ENTRY ELEMENTS (KOHA) |
| Source of classification or shelving scheme |
|
| Koha item type |
Book |